India`s policy of recognition of states and governments. (Record no. 502)

MARC details
000 -LEADER
fixed length control field 00541cam a2200193ua 4500
001 - CONTROL NUMBER
control field 566
005 - DATE AND TIME OF LATEST TRANSACTION
control field 20260515113204.0
008 - FIXED-LENGTH DATA ELEMENTS--GENERAL INFORMATION
fixed length control field 110409n ii |||gr||||Z||||||eng
040 ## - CATALOGING SOURCE
Transcribing agency MAIN
082 ## - DEWEY DECIMAL CLASSIFICATION NUMBER
Classification number 327
245 ## - TITLE STATEMENT
Title India`s policy of recognition of states and governments.
Statement of responsibility, etc. By K. P. Misra.
250 ## - EDITION STATEMENT
Edition statement 1st.
260 ## - PUBLICATION, DISTRIBUTION, ETC.
Place of publication, distribution, etc. New Delhi.:
Name of publisher, distributor, etc. Allied publishers.,966.
300 ## - PHYSICAL DESCRIPTION
Extent xvi, 214 p.:6 cm.
653 ## - INDEX TERM--UNCONTROLLED
Uncontrolled term Political science.
653 ## - INDEX TERM--UNCONTROLLED
Uncontrolled term Indias policy of recognition of states and governments.
700 ## - ADDED ENTRY--PERSONAL NAME
Personal name Misra, K P.,
942 ## - ADDED ENTRY ELEMENTS (KOHA)
Koha item type Books
Holdings
Withdrawn status Lost status Damaged status Not for loan Home library Current library Shelving location Date acquired Total checkouts Full call number Barcode Date last seen Copy number Price effective from Koha item type
        Naharkatiya College Library Naharkatiya College Library General stacks 09/19/2020   327 | MIS 46 09/19/2020 1 09/19/2020 Books